000 00743nam a22002417a 4500
003 UA-OsUOA
001 109150
007 ta
008 20141203b un ||||| |||| 00| 0 ukr d
100 _aОлійник В. О.
090 _a811.112.2
_bО-54
942 _cBK
040 _aUA-OsUOA
_bukr
_cUA-OsUOA
_dUA-OsUOA
245 _aНімецька ділова мова. Практикум
_bнавчальний посібник
_cМ. М. Гавриш
300 _a200 с.
955 _a2
041 _aukr
080 _a811.112.2
020 _a966--608-349-3
260 _aК.
_bМАУП
_c2003
650 7 _a8 Мовознавство. Художня література. Літературознавство
_2UDC
999 _c394819
_d394819